00690nam a2200241 a 4500001001300000003000900013005001700022008004100039020000900080082001600089100001800105245003500123260004100158300000900199500003500208505002100243650001900264700001800283902000800301942000700309952011500316999001700431nice12345678IN_TiNIC20260116013852.0050524s1969 luca grp 000 0 per  ac2500a891.51bOMA aOmar, Khayyam aMajmoaa Rubaiyat Omar Khayyam. aLucknowbMunshi Tejkumar Pressc1969 a104p aincludes index and biblioraphy2 aScripture Index. aPersian Poetry1 aOmar, Khayyam bSRS cBK 001040708StackRoom-aHMIbHMId2007-06-01g25.00l0o891.51 OMAp019593r2007-06-01v25.00w2005-05-24yBK c12877d12877